<?xml version="1.0" encoding="UTF-8"?>
<record
    xmlns:xsi="http://www.w3.org/2001/XMLSchema-instance"
    xsi:schemaLocation="http://www.loc.gov/MARC21/slim http://www.loc.gov/standards/marcxml/schema/MARC21slim.xsd"
    xmlns="http://www.loc.gov/MARC21/slim">

  <leader>01180nam a22001817a 4500</leader>
  <controlfield tag="008">121122t        xxu||||| |||| 00| 0 eng d</controlfield>
  <datafield tag="020" ind1=" " ind2=" ">
    <subfield code="a">0787909130</subfield>
  </datafield>
  <datafield tag="050" ind1=" " ind2=" ">
    <subfield code="a">HD58.9.G78</subfield>
  </datafield>
  <datafield tag="100" ind1=" " ind2=" ">
    <subfield code="a">Gray, Sandra Trice.</subfield>
  </datafield>
  <datafield tag="245" ind1=" " ind2=" ">
    <subfield code="a">Evaluation with power: a new approach to organizational effectiveness, employment and excellence. / </subfield>
    <subfield code="c">Sandra Trice Gray</subfield>
  </datafield>
  <datafield tag="260" ind1=" " ind2=" ">
    <subfield code="a">San Francisco:</subfield>
    <subfield code="b">Jossey- Bass Publication,</subfield>
    <subfield code="c">1998.</subfield>
  </datafield>
  <datafield tag="300" ind1=" " ind2=" ">
    <subfield code="a">xxvii,178 p.:</subfield>
    <subfield code="b">ill.;</subfield>
    <subfield code="c">25cm.</subfield>
  </datafield>
  <datafield tag="500" ind1=" " ind2=" ">
    <subfield code="a">Includes index.</subfield>
  </datafield>
  <datafield tag="505" ind1=" " ind2=" ">
    <subfield code="a">Contents: Making evaluation a useful management tool: Ongoing evaluation: A New approach -- Empowering staff for evaluation -- The Board's role in evaluation -- How volunteers can contribute to evaluation -- Using client feedback to improve programs and services -- Using ongoing evaluation to strengthen key areas: Organizational behavior and policy -- Program effectiveness and outcomes -- Human resource management -- Resource development -- Ethics and accountability -- Adapting the evaluation process to the organizational culture -- Using outside evaluators.</subfield>
  </datafield>
  <datafield tag="650" ind1=" " ind2=" ">
    <subfield code="a">Organizational effectiveness. </subfield>
  </datafield>
  <datafield tag="650" ind1=" " ind2=" ">
    <subfield code="b">Nonprofit organizations</subfield>
    <subfield code="x">Evaluation. </subfield>
  </datafield>
  <datafield tag="942" ind1=" " ind2=" ">
    <subfield code="2">lcc</subfield>
    <subfield code="c">BK</subfield>
  </datafield>
  <datafield tag="999" ind1=" " ind2=" ">
    <subfield code="c">2570</subfield>
    <subfield code="d">10070</subfield>
  </datafield>
  <datafield tag="952" ind1=" " ind2=" ">
    <subfield code="0">0</subfield>
    <subfield code="1">0</subfield>
    <subfield code="2">lcc</subfield>
    <subfield code="4">0</subfield>
    <subfield code="7">0</subfield>
    <subfield code="a">WIUC-1</subfield>
    <subfield code="b">WIUC-1</subfield>
    <subfield code="c">REF</subfield>
    <subfield code="d">2012-11-22</subfield>
    <subfield code="l">0</subfield>
    <subfield code="o">HD58.9.G78</subfield>
    <subfield code="p">6127/12</subfield>
    <subfield code="r">2012-11-22 00:00:00</subfield>
    <subfield code="t">1</subfield>
    <subfield code="w">2012-11-22</subfield>
    <subfield code="y">BK</subfield>
  </datafield>
</record>
